Регионална библиотека "Любен Каравелов" - Русе

Калолечение (Запис номер 185385)

MARC детайли
000 -Лидер
Контролно поле с фиксирана дължина 01398nam a2200301 c 4500
003 - Код на организацията, давaща контролен номер
Контролно поле BLK
005 - Дата и час на последна редакция
Контролно поле 20180422115416.0
008 - Елементи от данни с фиксирана дължина
fixed length control field 180411b bul|||||r ||||||| ||bul||
010 ## - Наследен системен номер
LC control number KNG00194378000
040 ## - Източник на каталожния запис
Идентификатор на билиотеката - собственик на записа BLK
041 ## - Код за език
Код за езика на текст/звукозапис или на отделно заглавие Български
Код за езика КДБФ Български
080 ## - УДК
Текстов определител УДК Калолечение. Пясъчни бани
УДК код - определител по УДК 615.838.7
УДК определител (035)
УДК - код + определител 615.838.7(035)
100 1# - Редна дума - Автор
Автор Продромов, Андрей Янков
Авторска отговорност първи автор
R(LIN) 113121
139 ## - Редно поле
Редна дума Продромов, Андрей Янков
Авторски знак Прод - П 91
245 10 - Сведения за заглавието
Заглавие Калолечение
Подзаглавни данни Ръководство
Редно поле (дума) Андрей Янков Продромов; под ред. на Диана Кръстева.
257 ## - Страна на издаване
Страна на създаване/издаване България
260 ## - Област на издателските данни
-- София
Име на издателя, разпространителя и проч. Медицина и физкултура
Година на издаване 1985
Печатница Пловдив : Д. Благоев
300 ## - Физическа характеристика
Страници 183 с.
Илюстрации и др. с ил., табл., диагр.
Размери/Мащаб 22 см
380 ## - Жанр
Жанр Медицина
500 ## - Общи забележки
Забележка Други авт. : В. Вл. Едрева, Д. Н. Кръстева, Л. Вл. Владева, Я. Н. Дафинова, отбелязани на с. 5. - 2 006 тир. - Библиогр. с. 170-178 ; Рез. на рус., англ. ез.
650 #4 - Допълнително описание по предмет – тема
Основно описание – тема или топоним Калолечение
9 (RLIN) 158153
700 1# - Други автори (авторска отговорност)
Лично име Кръстева, Диана
Автороска отговорност (Описва отношението между автора и произведението) под ред. на
9 (RLIN) 384258
852 ## - Местоположение
Форматна сигнатура Цб 135049
856 4# - Електронен адрес и достъп
Електронен формат pdf - файл
Път до файла /url/
856 4# - Електронен адрес и достъп
Електронен формат pdf - файл
Път до файла /url/
942 ## - АРТИКУЛИ
Вид на библиотечния материал Книги
Скрит в OPAC Не
944 ## - СЪЗДАВАНЕ И РЕДАКЦИЯ на ЗАПИСА
Създаване/Редакция Създаване
Дата на регистрацията/редакция 25.10.2016
Служител, извършил регистрацията/редакцията Нора_Радева
944 ## - СЪЗДАВАНЕ И РЕДАКЦИЯ на ЗАПИСА
Създаване/Редакция Редакция
Дата на регистрацията/редакция 25.10.2016
Служител, извършил регистрацията/редакцията Нора_Радева
999 ## - СИСТЕМНИ КОНТРОЛНИ НОМЕРА
Koha biblionumber 185385
Koha biblioitemnumber 185385
Наличности
Код за отписване Код за изгубен артикул Източник на класификационната схема Код за повреда Коз за рестрикции Код за отдаване Артикулен № Име на библиотеката - собственик Име на библиотеката, в която се намира в момента Статус (Текущо местоположение) Дата на вписване в системата Местоположение - отдел Цена в лева Инвентарен номер Систематично азбучна сигнатура Баркод Номер на екземпляра Цена в евро Служебна бележка Служебен тип на артикула
  Не е изгубен Universal Decimal Classification Не е повреден само за читалня ползва се в читалня 321209 Регионална библиотека "Любен Каравелов" Русе Регионална библиотека "Любен Каравелов" Русе Хранилище 1985-01-01 Хранилище 1.64 429272 Цб 135049 900000014640 1 0.84 Вид: Сф N: стар фонд Дата: 01.01.1985 Книги
Изтеглен Не е изгубен Universal Decimal Classification Не е повреден без рестрикции заемане за дома 321210 Регионална библиотека "Любен Каравелов" Русе Регионална библиотека "Любен Каравелов" Русе Заемна - подръчен фонд 1985-01-01 Заемна - подръчен фонд 1.64 432574 П 615.83/П 91 432574 2 0.84 Вид: Сф Дата: 01.01.1985 Дата инв: 05.02.2018 Бележки инв: П2018 Книги
Vip Innovations Ltd, Rousse, Bulgaria 2025